000 00258nam a2200109Ia 4500
005 20251222144624.0
008 251222s9999||||xx |||||||||||||| ||spa||
082 _a338.642/M84
245 0 _aLa Pequeña Industria en el Perú
264 _bCISEYT
942 _cLIB
999 _c16064
_d16064